Юрий Александрович Филипченко и его окружение (Запись № 11970357)

Подробности
000 -МАРКЕР
контрольное поле 02923nam0a2200469 4500
001 - ИДЕНТИФИКАТОР ЗАПИСИ
контрольное поле RU\NLR\BIBL_A\012449916
005 - ИДЕНТИФИКАТОР ВЕРСИИ
контрольное поле 20260607041551.0
010 ## - МЕЖДУНАРОДНЫЙ СТАНДАРТНЫЙ НОМЕР КНИГИ (ISBN)
Номер (ISBN) 978-5-288-06023-6
Тираж 500
021 ## - НОМЕР ГОСУДАРСТВЕННОЙ РЕГИСТРАЦИИ
Код страны Российская Федерация
Номер КН-П-20-055947
Номер Листа государственной регистраци КН-П-20-4170
035 ## - ДРУГИЕ СИСТЕМНЫЕ НОМЕРА
Идентификатор записи (NLR Aleph) 012449916
035 ## - ДРУГИЕ СИСТЕМНЫЕ НОМЕРА
Идентификатор записи (RuMoRGB)010428336
100 ## - ДАННЫЕ ОБЩЕЙ ОБРАБОТКИ
Данные общей обработки 20210210d2020 k y0rusy50 ca
101 0# - ЯЗЫК РЕСУРСА
Язык текста, звукозаписи и т.д. русский
Язык резюме английский
Язык оглавления английский
102 ## - СТРАНА ПУБЛИКАЦИИ ИЛИ ПРОИЗВОДСТВА
Страна публикации Российская Федерация
105 ## - ПОЛЕ КОДИРОВАННЫХ ДАННЫХ: ТЕКСТОВЫЕ МАТЕРИАЛЫ, МОНОГРАФИЧЕСКИЕ
Кодированные данные о монографическом текстовом документе ach|z|||011zd
181 #0 - ПОЛЕ КОДИРОВАННЫХ ДАННЫХ: ВИД СОДЕРЖАНИЯ
Код вида содержания (ISBD) i
Код характеристики содержания (ISBD) axxe
182 #0 - ПОЛЕ КОДИРОВАННЫХ ДАННЫХ: ТИП СРЕДСТВА
Код типа средства (ISBD) n - непосредственное
200 1# - ЗАГЛАВИЕ И СВЕДЕНИЯ ОБ ОТВЕТСТВЕННОСТИ
Основное заглавие Юрий Александрович Филипченко и его окружение
Сведения, относящиеся к заглавию к 100-летию основания кафедры генетики и экспериментальной зоологии в Петроградском университете
Первые сведения об ответственности Сергей Фокин, Илья Захаров-Гезехус
Последующие сведения об ответственности под редакцией С.И. Фокина
-- Санкт-Петербургский государственный университет
203 ## - ВИД СОДЕРЖАНИЯ И ТИП СРЕДСТВА
Вид содержания Текст
Дополнительные сведения об издании визуальный
Тип средства непосредственный
210 ## - ПУБЛИКАЦИЯ, РАСПРОСТРАНЕНИЕ И ДР.
Место издания, распространения и т.д. Санкт-Петербург
Имя издателя, распространителя и т. д. Изд-во Санкт-Петербургского университета
Дата издания, распространения и т.д. 2020
215 ## - ФИЗИЧЕСКАЯ ХАРАКТЕРИСТИКА
Специфическое обозначение материала и объем 335 с., [21] л. ил., портр., факс.
Другие сведения о физической характеристике ил.
Размеры 22
300 ## - ОБЩИЕ ПРИМЕЧАНИЯ
Текст примечания На 327-й с. авт.: Фокин С.И., д-р биол. наук, проф., Захаров-Гезехус И.А., д-р биол. наук, проф., чл.-кор. РАН, засл. деят. науки
300 ## - ОБЩИЕ ПРИМЕЧАНИЯ
Текст примечания Рез. англ.
320 ## - ПРИМЕЧАНИЯ О НАЛИЧИИ В ДОКУМЕНТЕ БИБЛИОГРАФИИ / УКАЗАТЕЛЯ
Текст примечания Библиогр. в конце гл. и в подстроч. примеч.
320 ## - ПРИМЕЧАНИЯ О НАЛИЧИИ В ДОКУМЕНТЕ БИБЛИОГРАФИИ / УКАЗАТЕЛЯ
Текст примечания Имен. указ.: с. 313-318
320 ## - ПРИМЕЧАНИЯ О НАЛИЧИИ В ДОКУМЕНТЕ БИБЛИОГРАФИИ / УКАЗАТЕЛЯ
Текст примечания Имен. указ. для фот.: с. 319-321
320 ## - ПРИМЕЧАНИЯ О НАЛИЧИИ В ДОКУМЕНТЕ БИБЛИОГРАФИИ / УКАЗАТЕЛЯ
Текст примечания Указ. фот.: c. 322-326
600 #1 - ИМЯ ЛИЦА КАК ПРЕДМЕТ
Начальный элемент ввода Филипченко
Часть имени, кроме начального элемента ввода Ю. А.
Даты 1882 - 1930
Расширение инициалов личного имени Юрий Александрович
Системный номер авторитетной/нормативной записи 1407512
Идентификатор авторитетной/нормативной записи RU\NLR\AUTH\66280827
601 02 - НАИМЕНОВАНИЕ ОРГАНИЗАЦИИ КАК ПРЕДМЕТ
Начальный элемент ввода Петроградский университет
Структурное подразделение организации Кафедра генетики и экспериментальной зоологии
Системный номер авторитетной/нормативной записи 2468714
Идентификатор авторитетной/нормативной записи RU\NLR\AUTH\6601683487
686 1# - ИНДЕКСЫ ДРУГИХ КЛАССИФИКАЦИЙ
Индекс Е04д(2)Филипченко
686 1# - ИНДЕКСЫ ДРУГИХ КЛАССИФИКАЦИЙ
Индекс Ч488.584(28)7
686 1# - ИНДЕКСЫ ДРУГИХ КЛАССИФИКАЦИЙ
Индекс Ч484(2)7-8Филипченко
700 #1 - ИМЯ ЛИЦА - ПЕРВИЧНАЯ ОТВЕТСТВЕННОСТЬ
Графика поля Кириллица
Материалы, к которым относится поле rus
Начальный элемент ввода Фокин
Часть имени, кроме начального элемента ввода С. И.
Даты 1952-
Расширение инициалов личного имени Сергей Иванович
Системный номер авторитетной/нормативной записи 34828
Идентификатор авторитетной/нормативной записи RU\NLR\AUTH\7751895
701 #1 - ИМЯ ЛИЦА - АЛЬТЕРНАТИВНАЯ ОТВЕТСТВЕННОСТЬ
Материалы, к которым относится поле rus
Графика поля Кириллица
Начальный элемент ввода Захаров
Часть имени, кроме начального элемента ввода И. А.
Дополнения к именам, кроме дат д-р биол. наук
Даты 1934-
Расширение инициалов личного имени Илья Артемьевич
Идентификатор авторитетной/нормативной записи RU\NLR\AUTH\7719403
Системный номер авторитетной/нормативной записи 2475
702 #1 - ИМЯ ЛИЦА - ВТОРИЧНАЯ ОТВЕТСТВЕННОСТЬ
Код отношения Прочие
Графика поля Кириллица
Материалы, к которым относится поле rus
Начальный элемент ввода Филипченко
Часть имени, кроме начального элемента ввода Ю. А.
Даты 1882-1930
Расширение инициалов личного имени Юрий Александрович
Системный номер авторитетной/нормативной записи 227167
Идентификатор авторитетной/нормативной записи RU\NLR\AUTH\770227223
942 ## - ДОПОЛНИТЕЛЬНЫЕ ЭЛЕМЕНТЫ ЗАПИСИ (АБИС)
Тип экземпляра АБИС Книга
980 ## - КОЛЛЕКЦИЯ
Название коллекции НБР
980 ## - КОЛЛЕКЦИЯ
Название коллекции Национальная библиография
Экземпляры
Тип экземпляра Дата поступления Источник поступления Стоимость Библиотека постоянного хранения Библиотека текущего хранения Место хранения Шифр хранения Штрих-код Статус экземпляра
Книга 10.02.2021 Обязательный экземпляр 0.00 РНБ (Московский) РНБ (Московский) Русский книжный фонд: издания с 1957 года 2021-5/827 1-3282720  
Книга 10.02.2021 Обязательный экземпляр 0.00 РНБ (Московский) РНБ (Московский) Обменный фонд   1-3282721